| 000 | 00802nam a2200229Ia 4500 | ||
|---|---|---|---|
| 999 |
_c30837 _d30837 |
||
| 003 | OSt | ||
| 005 | 20220124125057.0 | ||
| 008 | 160316s2010 xxu||||| |||| 00| 0 eng d | ||
| 020 | _a9788178242569 | ||
| 040 | _cNLS | ||
| 082 | _a322.10954 NEE | ||
| 100 | _aNeedham Anuradha Dingwaney | ||
| 245 | _aThe crisis of secularism in India | ||
| 250 | _a2nd | ||
| 260 |
_aBangalore _bOrient Blackswan _c2010 |
||
| 300 | _a100p | ||
| 365 | _b Rs. 450 | ||
| 505 | _aContents: I. Secularism's historical background; II. Secularism and democracy; III. Sites of secularism: Education, media and cinema; IV. Secularism and personal law; V. Conversion; Index. | ||
| 650 | _a1. Secularism - India2. Communalism - India3. Religion & Politics | ||
| 700 |
_aRajan Rajeswari Sunder _a |
||
| 942 |
_2ddc _cBK |
||